| 000 | 00527nam a2200169 i 4500 | ||
|---|---|---|---|
| 001 | 78569 | ||
| 003 | ES-MaACL | ||
| 005 | 20250205063041.0 | ||
| 007 | t| | ||
| 008 | 041014s1969 sp ||||1| spa d | ||
| 100 | 1 |
_aHalcón, Manuel, _dca. 1900-1989 _961522 |
|
| 245 | 1 | 0 |
_aRecuerdos de Fernando Villalón _b: apuntes para la historia de una familia / _cManuel Halcón. |
| 260 |
_aMadrid : _bAlianza, _c[1969] |
||
| 300 |
_a186 p. ; _c18 cm. |
||
| 852 |
_aES-MaACL _jC-35855 _bR.69098 |
||
| 999 |
_c78569 _d78569 |
||